00713nam a2200229Ia 45000010006000000050017000060070003000230080041000260400025000670410008000920820020001001000019001202450068001392500014002072600040002213000019002616530029002806530014003099420012003239520131003359990017004662731620240114000959.0ta060523s1923 g b000 u 465 u aCotton College,Assam a465 a824.91bR 349 M aRhys, Ernest . 0aModern English Essays Vol. 3 /cErnest Rhys.hTextual Documents a1st ed. / aLondon :bJ.M. Dent & Sons ,c1923. a244p. ;c17cm. aEnglish essays-Criticism aG-English 2ddccBK 001040708Circulation (G)aSKBLbSKBLd2012-02-01f00000l0o824.91 R 349 Mp275/Engr2024-01-14 00:00:00t1w2012-02-01yBK c27298d27298